| 000 | 00450nam a2200181Ia 4500 | ||
|---|---|---|---|
| 001 | 23388 | ||
| 005 | 20260414150934.0 | ||
| 008 | 260414t1992||||xx |||||||||||||| ||spa|| | ||
| 041 | _aESP | ||
| 082 |
_a630.9 _bC269 |
||
| 100 |
_aCowan, Wesley _eAUT |
||
| 245 | 4 |
_aThe origins of agriculture : _ban international perspective |
|
| 260 | _c1992 | ||
| 300 |
_a224 páginas : _c28 cm. |
||
| 650 | _aTCA | ||
| 654 | _aCII | ||
| 942 |
_cLIB _dJUS _fJUS _2ddc _n |
||
| 999 |
_c23388 _d23388 |
||